Регионална библиотека "Любен Каравелов" - Русе

Крехка възраст (Запис номер 451747)

MARC детайли
000 -Лидер
Контролно поле с фиксирана дължина nam a22 a 4500
003 - Код на организацията, давaща контролен номер
Контролно поле BLK
005 - Дата и час на последна редакция
Контролно поле 20220401095023.0
008 - Елементи от данни с фиксирана дължина
fixed length control field 220401b bul|||||r ||||||| ||bul||
040 ## - Източник на каталожния запис
Идентификатор на билиотеката - собственик на записа BLK
041 ## - Код за език
Код за езика на текст/звукозапис или на отделно заглавие Български
Код за езика КДБФ Български
080 ## - УДК
Текстов определител УДК Руска литература
УДК код - определител по УДК 821.161.1
УДК определител -31
УДК - код + определител 821.161.1-31
100 1# - Редна дума - Автор
Автор Рекемчук, Александър Евсеевич
Авторска отговорност първи автор
R(LIN) 115853
139 ## - Редно поле
Редна дума Рекемчук, Александър Евсеевич
Авторски знак Рек - Р 49
245 10 - Сведения за заглавието
Заглавие Крехка възраст
Подзаглавни данни Роман [за юноши]
Редно поле (дума) Александър Евсеевич Рекемчук ; прев. от рус. Иванка Васева
Форма, вид, жанр Рекемчук, Александър Евсеевич, 1927- Заглавие : Роман / Александър Рекемчук ; Прев. от рус. Иванка Васева ; Худож. Костадинка Измирлиева Вид на материала книга Език български Година на публикуване 1982 Издателство и производство София : Нар. младеж, 1982 Физическо описание ; 20 см Други автори - име на лице Измирлиева, Костадинка ISBN 1,51 лв Забележки 30 125 тир УДК ДС-31
260 ## - Област на издателските данни
Място на издаване, разпространение и проч. София
Име на издателя, разпространителя и проч. Нар. младеж
Година на издаване 1982
Печатница (Враца : В. Александров)
300 ## - Физическа характеристика
Страници 459 с.
Илюстрации и др. с ил.
Размери/Мащаб 20 см
380 ## - Жанр
Жанр Худож. лит.
490 1# - СЕРИИ (Колекции)
Име на серия Библиотека Аврора
490 1# - СЕРИИ (Колекции)
Име на серия Съветски писатели за деца и юноши
500 ## - Общи забележки
Забележка Ориг. загл. Нежный возраст
653 ## - Ключова дума – ненормативна
Ключова дума повести
700 ## - Други автори (авторска отговорност)
Лично име Васева, Иванка Стоянова
Автороска отговорност (Описва отношението между автора и произведението) прев. от рус.
9 (RLIN) 367456
852 ## - Местоположение
Форматна сигнатура Цб 115178
Фондова буква Хранилище
999 ## - СИСТЕМНИ КОНТРОЛНИ НОМЕРА
Koha biblionumber 451747
Koha biblioitemnumber 451747
942 ## - АРТИКУЛИ
Вид на библиотечния материал Книги
Скрит в OPAC Не
Периодичен библиозапис Да
944 ## - СЪЗДАВАНЕ И РЕДАКЦИЯ на ЗАПИСА
Създаване/Редакция Създаване
Дата на регистрацията/редакция 2022-04-01
Служител, извършил регистрацията/редакцията ГГГ
Наличности
Код за отписване Код за изгубен артикул Източник на класификационната схема Код за повреда Коз за рестрикции Код за отдаване Артикулен № Име на библиотеката - собственик Име на библиотеката, в която се намира в момента Статус (Текущо местоположение) Дата на вписване в системата Местоположение - отдел Цена в лева Инвентарен номер Систематично азбучна сигнатура Баркод Цена в евро Служебен тип на артикула
  Не е изгубен Universal Decimal Classification Не е повреден само за читалня ползва се в читалня 880026 Регионална библиотека "Любен Каравелов" Русе Регионална библиотека "Любен Каравелов" Русе Хранилище 2022-04-04 Хранилище 1.51 356577 Цб 115178 120000356577 0.77 Книги
Vip Innovations Ltd, Rousse, Bulgaria 2025